Guess the Hamilton Song #19 - Statistics

General Stats
  • This quiz has been taken 1,254 times
  • The average score is 235 of 500
Answer Stats
Lyric % Correct
a
97%
I
97%
the
92%
The
92%
an
86%
you
84%
You
84%
and
79%
And
79%
in
78%
In
78%
(in
78%
to
78%
who
77%
he
76%
it
72%
be
70%
be,
70%
"We
70%
we
70%
We
70%
is
68%
me
68%
me!
68%
me,
68%
me.
68%
not
68%
go
64%
go,
64%
men
64%
your
64%
Eliza,
62%
Eliza!
62%
what
62%
that
61%
That
61%
Angelica,
59%
Angelica!
59%
Angelica.
59%
does
59%
know
58%
know.
58%
Peggy,
58%
Peggy!
58%
are
56%
They
56%
when
56%
his
55%
at
54%
at-
54%
(at
54%
how
54%
(Work,
54%
work!)
54%
(Work!)
54%
work.
54%
(Work)
54%
work!
54%
Work!
54%
look
53%
Look
53%
(Look
53%
(look
53%
Schuyler,
53%
Schuyler
53%
so
53%
So
53%
you're
53%
I'm
52%
on
51%
sisters!
51%
but
50%
Like
50%
like
50%
There's
50%
for.
49%
for
49%
nothin'
49%
man
48%
my
48%
city
47%
city.
47%
city)
47%
Burr,
46%
by
46%
downtown
45%
downtown.
45%
Daddy
44%
daddy
44%
around,
43%
around.
43%
around
43%
around.)
43%
around)
43%
love
43%
all
42%
nothing
42%
said
42%
said,
42%
than
42%
just
41%
more
41%
with
41%
rich
39%
going
38%
It's
38%
it's
38%
(it's
38%
New
38%
(New
38%
oh,
37%
them
37%
can
36%
folks
36%
need
36%
poor.
36%
revolution?
36%
their
36%
slummin'
35%
Take
35%
York.
35%
York)
35%
happen
34%
doesn't
33%
home
33%
up
33%
want
33%
watch
33%
free
32%
daughters,
31%
loaded.
31%
Philip
31%
common,
30%
Common
30%
him
30%
little
30%
lookin'
30%
war.
30%
guys
29%
sundown.
29%
Why
29%
happening
28%
happening)
28%
or
28%
say
28%
talk.
28%
into
27%
Thomas
27%
Uh
26%
now!
25%
now)
25%
our
25%
pull
25%
summer
25%
right
24%
carriages
23%
gawk
23%
Jefferson
23%
mind
23%
sneak
22%
students
22%
world!
21%
world
21%
lucky
20%
alive
19%
enough
19%
greatest
19%
revolution's
19%
these
18%
I've
17%
meet
17%
People
17%
remind
17%
bad
16%
been
16%
hold
16%
Someone
16%
someone
16%
disgust
15%
equal."
15%
equal
15%
got
15%
insane.
15%
miss,
15%
Paine,
15%
Paine.
15%
Sense
15%
trust
15%
truths
15%
wants
15%
air.
14%
created
14%
History
14%
(history
14%
ideas
14%
revelation,
14%
revelation
14%
She's
14%
square.
14%
violence
14%
women
14%
Excuse
13%
fund,
13%
intense
13%
listen
13%
looking
13%
perfume
13%
pretty.
13%
reading
13%
shore.
13%
shouting
13%
you've
13%
declaration.
12%
declaration
12%
money.
12%
self-evident
12%
smells
12%
there'll
12%
Ah,
11%
daddy's
11%
funny
11%
give
11%
include
11%
rush
11%
sequel!
11%
discussed
10%
Manhattan
10%
compel
9%
fancy
9%
heels,
9%
next
9%
urchin
8%
Whoa!
8%
ideals?
7%
searchin'
6%
I'ma
4%
'Cause
2%
we've
2%
Woah!
2%
insanse
1%
(Uhh!)
0%
No matching quizzes found
Score Distribution
Percent of People with Each Score
Percentile by Number Answered
Your Score History
You have not taken this quiz